|
|
|
|
| LEADER |
00000cam a2200000 7i4500 |
| 001 |
0000000178 |
| 005 |
20031020.0 |
| 020 |
0 |
0 |
|a 9679785335
|
| 090 |
0 |
0 |
|a 338.9595113090501
|b PEN 1996
|
| 245 |
0 |
0 |
|a PENANG into the 21st century :
|b Outlook and strategies of Malaysia's growth centre towards vision 2020
|
| 260 |
0 |
0 |
|a Petaling Jaya, Selangor :
|b Pelanduk Pub. ,
|c 1996
|
| 300 |
|
|
|a 201 p. ;
|c 23 cm.
|
| 500 |
0 |
0 |
|a Includes index
|
| 650 |
0 |
0 |
|a Education
|z Pulau Pinang
|x Forecasting
|x Congresses
|
| 650 |
0 |
0 |
|a Industrial development projects
|x Pulau Pinang
|x Forecasting
|x Congresses
|
| 650 |
0 |
0 |
|a Industrial promotion
|z Pulau Pinang
|x Forecasting
|x Congresses
|
| 650 |
0 |
0 |
|a Tourist trade
|z Pulau Pinang
|x Forecasting
|x Congresses
|
| 651 |
0 |
0 |
|a Pulau Pinang
|x Industries
|x Forecasting
|x Congresses
|
| 710 |
1 |
1 |
|a Asian Strategy & Leadership Institute (ASLI)
|
| 710 |
1 |
1 |
|a International Conference on Penang 2020 - towards the 21st century (1994: Pulau Pinang)
|
| 998 |
|
|
|a JPSM
|
| 999 |
|
|
|a 0000001355
|b Monograph
|c Open Shelf
|e Default branch
|